Evaluación del Sistema de riego por aspersión aplicado a los cultivos diversificados (plátano, maíz y pasto) en la finca el Progreso. Belén Rivas

Presenta la evaluación del Sistema de riego por aspersión aplicado a los cultivos diversificados (plátano, maíz y pasto) en la finca el Progreso. Belén Rivas, se realizó una recolección de datos de campo requeridos para la evaluación, posteriormente se determinó el coeficiente de uniformida...

Full description

Bibliographic Details
Main Authors: Izaba Ruiz, Raquel Dolores, González González, Jaime Cristian
Other Authors: Tutor: Loaísiga, Henry Eduardo
Format: Tesis Section = Libro
Language:Undetermined
Spanish
Published: Managua UNI 2001
Subjects:
LEADER 01500nam a2200289Ia 4500
008 240830s9999 xx 000 0 und d
040 |a BIBLIOTECA-RUPAP Mon 631.587 I98 
041 |a spa 
082 |a Mon 631.587 I98 
100 1 |a Izaba Ruiz, Raquel Dolores 
100 1 |b  González González, Jaime Cristian 
245 1 0 |a Evaluación del Sistema de riego por aspersión aplicado a los cultivos diversificados (plátano, maíz y pasto) en la finca el Progreso. Belén Rivas 
260 |a Managua  |b UNI  |c 2001 
300 |a 100 p. :il. 
500 |a Contiene: anexos. 
502 |a Tesis (Ingeniero Agrícola)- UNI, 2001. 
520 3 |a Presenta la evaluación del Sistema de riego por aspersión aplicado a los cultivos diversificados (plátano, maíz y pasto) en la finca el Progreso. Belén Rivas, se realizó una recolección de datos de campo requeridos para la evaluación, posteriormente se determinó el coeficiente de uniformidad de los suelos para los diferentes cultivos establecidos, se cuantifico la velocidad de infiltración de los suelos, así como los datos edafo climáticos, también se cuantifico la lámina de riego necesaria para los diferentes cultivos establecidos. 
650 7 |a RIEGO 
650 7 |b RIEGO POR ASPERSION 
650 7 |c SISTEMA DE RIEGO 
650 7 |d PLATANO CULTIVO 
650 7 |e DISEÑO HIFRAULICO 
650 7 |f INGENIERIA AGRICOLA 
700 1 |a Tutor:  |b Loaísiga, Henry Eduardo 
942 |c BK  |2 ddc 
991 |a TESIS 
999 |c 16679